Statistics for Who sang these songs that have a number in the title

Click here to take the quiz!

General Stats

  • This quiz has been taken 26 times
  • The average score is 4 of 10

Answer Stats

HintAnswer% Correct
9Ninety Nine Red BalloonsNena
85%
4When I'm 64The Beatles
85%
7Seven Nation ArmyWhite Stripes
62%
3Three Little BirdsBob Marley
54%
2Love Me Two TimesThe Doors
46%
1The One I LoveREM
42%
8I'm Henry the EighthHermans Hermits
31%
10One in TenUB40
23%
5Five YearsDavid Bowie
15%
6I Got SixZZ Top
0%

Score Distribution

Percentile by Number Answered

Percent of People with Each Score

Your Score History

You have not taken this quiz